Anubhavam Orma Yathra (Record no. 119991)
[ view plain ]
| 000 -LEADER | |
|---|---|
| fixed length control field | 00392nam a2200133Ia 4500 |
| 008 - FIXED-LENGTH DATA ELEMENTS--GENERAL INFORMATION | |
| fixed length control field | 211119s9999||||xx |||||||||||||| ||und|| |
| 082 ## - DEWEY DECIMAL CLASSIFICATION NUMBER | |
| Classification number | 920 |
| Item number | MUK-A |
| 100 ## - MAIN ENTRY--PERSONAL NAME | |
| Personal name | Mukundan, M |
| 245 #0 - TITLE STATEMENT | |
| Title | Anubhavam Orma Yathra |
| 260 ## - PUBLICATION, DISTRIBUTION, ETC. | |
| Name of publisher, distributor, etc. | Olive Publications |
| Place of publication, distribution, etc. | Kozhikode |
| Date of publication, distribution, etc. | 2014 |
| 300 ## - PHYSICAL DESCRIPTION | |
| Extent | 185p. |
| 650 ## - SUBJECT ADDED ENTRY--TOPICAL TERM | |
| Topical term or geographic name entry element | History & geography |
| 942 ## - ADDED ENTRY ELEMENTS (KOHA) | |
| Koha item type | BOOK |
| 650 ## - SUBJECT ADDED ENTRY--TOPICAL TERM | |
| Form subdivision | Biography, genealogy & insigniaGeneralia |
| General subdivision | General stack |
| Withdrawn status | Lost status | Damaged status | Not for loan | Home library | Current library | Date acquired | Cost, normal purchase price | Total Checkouts | Full call number | Barcode | Shelving location | Date last seen | Date last checked out | Price effective from | Koha item type |
|---|---|---|---|---|---|---|---|---|---|---|---|---|---|---|---|
| SB LIBRARY | SB LIBRARY | 19/11/2021 | 160.00 | 3 | 920 MUK-A | 00133480 | GENERAL STACK | 22/09/2025 | 08/09/2025 | 19/11/2021 | BOOK |